| 000 | 00533nam a22001575i 4500 | ||
|---|---|---|---|
| 001 | 160603 | ||
| 003 | ES-MaACL | ||
| 005 | 20230906212102.0 | ||
| 008 | 040929s1867 it |||| | ita d | ||
| 040 |
_aCAM _bspa _cCAM |
||
| 100 | 1 |
_aNegri, Cristoforo. _9130432 |
|
| 245 | 1 | 0 |
_aScritti varii / _cdi Cristoforo Negri. |
| 260 |
_aTorino : _b[s.n.], _c1867 ( _fTipografia G.B. Paravia e Comp.) |
||
| 300 |
_a139 p. ; _c23 cm. |
||
| 852 |
_aES-MaACL _jT-268-F-5 _z-- Enc. hol. _q-- Falto de la cub. original _z-- Enc. en un vol. facticio |
||
| 999 |
_c160603 _d160603 |
||